{"text_format":"3","workbook":"xlsx","n_sheets":2,"sheets":["И1_лр16","Список"],"not_rendered":{"defined_names":1},"read":"whole","date_system":"1900"}

{"sheet":"И1_лр16","index":0,"n_rows":335,"n_cols":10,"rows_kept":335,"merged":[[79,9,79,10],[125,9,125,10]]}
["                                      Лабораторная работа № 16 по дисциплине \"Информатика модуль 1\""]
[]
["          Тема: Excel: Списки. Условное форматирование."]
["                               Сортировка. Фильтрация. Подведение итогов. Сводные таблицы."]
[]
["          ИЗМЕНЕНИЕ СТРУКТУРЫ ФАЙЛА"]
[]
["1. Скопируйте из файла с заданием лист Список в Ваш файл, для чего:"]
[]
["   – расположите на экране одновременно окно с файлом с заданием и окно с Вашим файлом;"]
[]
["   – поместите указатель \"мыши\" острием точно на ярлычок листа Список в файле с заданием и нажмите "]
["     левую кнопку \"мыши\" и, после того как рядом с указателем \"мыши\" появится изображение маленького "]
["     листа бумаги, при нажатой и удерживаемой клавише Ctrl ( при этом внутри этого изображения "]
["     маленького листа должен появиться знак + ) перетащите лист Список из файла с заданием "]
["     в Ваш файл на место между листами Диаграммы и Копия."]
[]
[]
["2. В Вашем файле создайте еше три копии листа Список, для чего: "]
[]
["   – поместите указатель \"мыши\" острием точно на ярлычок листа Список в файле с заданием и нажмите "]
["     левую кнопку \"мыши\" и, после того как рядом с указателем \"мыши\" появится изображение маленького "]
["     листа бумаги, при нажатой и удерживаемой клавише Ctrl ( при этом внутри этого изображения "]
["     маленького листа должен появиться знак + ) перетащите лист Список по горизонтали в области листа "]
["     Вашего файла так, чтобы указатель положения перетаскиваемого листа был перемещен не менее чем "]
["     на один лист вправо или влево;"]
[]
["   – выполните эти же действия еще два раза для листа Список или его копии."]
[]
[]
["3. В Вашем файле переименуйте копии листа Список, присвоив им имена Сортировка, Фильтрация,"]
["   Итоги, после чего файл должен состоять из следующих листов, ярлычки которых должны быть"]
["   расположены слева направо в следующем порядке:"]
["   Диапазоны, Данные, Заполнение, Операции, Календарь, Формулы, Функции,"]
["   отдельный лист с диаграммой, Диаграммы, Список, Сортировка, Фильтрация, Итоги, Копия."]
[]
[]
["          ИСПОЛЬЗОВАНИЕ УСЛОВНОГО ФОРМАТИРОВАНИЯ"]
[]
["4. Выполните на листе Список Вашего файла действия, связанные с использованием условного"]
["   форматирования для выделения в списке максимальных значений в столбце с Количествами:"]
[]
["   – сделайте текущим лист Список;"]
[]
["   – в столбце с заголовком Количество выделите диапазон ячеек, начиная с ячейки в строке 3 и заканчивая "]
["     нижней границей листа с учетом возможного добавления новых данных к списку в пустые строки листа"]
["     ( выделение диапазона от заданной ячейки до нижней границы листа "]
["            проще всего выполнить, выделив начальную ячейку диапазона, а затем нажатиями сочетания клавиш "]
["                 Shift+Ctrl+к  выделить остальные ячейки этого диапазона, при этом при каждом нажатии этого "]
["                 сочетания клавиш происходит перемещение в направлении к  с выделением группы ячеек, "]
["                 содержащих или не содержащих данные; "]
["            другой способ выделения, используемый, если в выделяемом диапазоне много ячеек, не содержащих"]
["                  данные, можно выполнить, выделив начальную ячейку диапазона, и затем на ленте"]
["                  на вкладке ГЛАВНАЯ в группе Редактирование для кнопки Найти и выделить раскрыть список "]
["                  и выполнить из него команду Перейти…, после чего в появившемся окне Переход в поле Ссылка"]
["                  ввести адрес ячейки в последней строке F1048576 для файла типа Книга Excel (*.xlsx)"]
["                                                                           или F65536 для файла типа Книга Excel 97-2003 (*.xls)"]
["                  и, удерживая нажатой клавишу Shift,"]
["                  нажать в окне Переход кнопку ОК или нажать клавишу Enter );"]
[]
["   – на ленте на вкладке ГЛАВНАЯ в группе Стили раскройте список кнопки Условное форматирование, "]
["     и выберите команду Управление правилами...,"]
["     после чего в появившемся окне Диспетчер правил условного форматирования создайте правило,"]
["        для чего нажмите кнопку Создать правило…"]
["        и в появившемся окне Создание правила форматирования в списке Выберите тип правила"]
["           выберите строку Форматировать только ячейки, которые содержат,"]
["               после чего в нижней части этого окна в группе элементов Измените описания правила"]
["               в левом крайнем поле выберите Значение ячейки,"]
["               во втором слева поле выберите равно,"]
["               для файла типа Книга Excel (*.xlsx) в правое крайнее поле введите =МАКС($F$3:$F$1048576)"]
["               для файла типа Книга Excel 97-2003 (*.xls) в правое крайнее поле введите =МАКС($F$3:$F$65536)"]
["               ( причем при вводе диапазон $F$3:$F$1048576 или $F$3:$F$65536"]
["               можно не вводить, а выделять как диапазон от заданной ячейки до нижней границы листа )"]
["           и затем нажмите кнопку Формат… и в появившемся еще одном окне Формат ячеек"]
["                                                                          на вкладке Заливка выберите заливку ячеек красным цветом,"]
["                                                                   затем нажмите кнопку OK в окне Формат ячеек,"]
["           завершите создание правила нажатием кнопки OK в окне Создание правила форматирования,"]
["     и затем закройте окно Диспетчер правил условного форматирования нажатием кнопки OK,"]
["     после чего все немаксимальные количества и пустые ячейки в отформатированном  диапазоне "]
["     не будут выделяться фоном, а все максимальные количества будут выделяться",{"$nulls":8},"красным фоном"]
[]
[]
["   ВНИМАНИЕ!  Для изменения или удаления правила условного форматирования используйте"]
["                       в окне Диспетчер правил условного форматирования, соответственно, кнопки "]
["                       Изменить правило... и Удалить правило…"]
[]
[]
["5. Выполните на листе Список Вашего файла действия, связанные с использованием условного"]
["   форматирования для выделения в списке просроченных дат в столбце с Датами:"]
[]
["   – в столбце с заголовком Дата выделите диапазон ячеек, начиная с ячейки в строке 3 и заканчивая"]
["     нижней границей листа с учетом возможного добавления новых данных к списку в пустые строки листа;"]
[]
["   – на ленте на вкладке ГЛАВНАЯ в группе Стили раскройте список кнопки Условное форматирование, "]
["     и выберите команду Управление правилами...,"]
["     после чего в появившемся окне Диспетчер правил условного форматирования создайте два правила:"]
["        для создания первого правила нажмите кнопку Создать правило…"]
["        и в появившемся окне Создание правила форматирования в списке Выберите тип правила"]
["           выберите строку Форматировать только ячейки, которые содержат,"]
["               после чего в нижней части этого окна в группе элементов Измените описания правила"]
["               в левом крайнем поле выберите Значение ячейки,"]
["               во втором слева поле выберите равно,"]
["               в правое крайнее поле введите 0"]
["           и затем нажмите кнопку Формат… и в появившемся еще одном окне Формат ячеек"]
["                                                                                                              на вкладке Заливка выберите Нет цвета,"]
["                                                                   затем нажмите кнопку OK в окне Формат ячеек,"]
["          завершите создание первого правила нажатием кнопки OK в окне Создание правила форматирования"]
["     и вернитесь в окно Диспетчер правил условного форматирования,"]
["        где для создания второго правила нажмите кнопку Создать правило…"]
["        и в появившемся окне Создание правила форматирования в списке Выберите тип правила"]
["           выберите строку Форматировать только ячейки, которые содержат,"]
["               после чего в нижней части этого окна в группе элементов Измените описания правила"]
["               в левом крайнем поле выберите Значение ячейки,"]
["               во втором слева поле выберите меньше,"]
["               в правое крайнее поле введите =СЕГОДНЯ()"]
["           и затем нажмите кнопку Формат… и в появившемся еще одном окне Формат ячеек"]
["                                                                            на вкладке Заливка выберите заливку ячеек желтым цветом,"]
["                                                                   затем нажмите кнопку OK в окне Формат ячеек,"]
["           завершите создание правил нажатием кнопки OK в окне Создание правила форматирования,"]
["     после этого в окне Диспетчер правил условного форматирования"]
["     установите для правил флажки Остановить, если истина"]
["     и, используя кнопки для перемещения по вертикали строк с правилами,"]
["     переместите строку с первым из созданных правил вверх, со вторым из созданных правил – вниз"]
["     и затем закройте окно Диспетчер правил условного форматирования нажатием кнопки OK,"]
["     после чего все непросроченные сроки годности и пустые ячейки в отформатированном  диапазоне не "]
["     будут выделяться фоном, а все просроченные сроки годности будут  выделяться ",{"$nulls":8},"желтым фоном"]
[]
[]
["          СОРТИРОВКА"]
[]
["6. Выполните на листе Сортировка Вашего файла действия, связанные с сортировкой списка: "]
[]
["   – сделайте текущим лист Сортировка;"]
[]
["   ВНИМАНИЕ!  Для восстановления исходного состояния нашего списка после сортировок можно "]
["                        еще раз его Сортировать по № п/п."]
[]
["   – выделите любую ячейку в области списка на листе Сортировка;"]
[]
["   – на ленте на вкладке ДАННЫЕ в группе Сортировка и фильтр нажмите кнопку Сортировка,"]
["     после чего в появившемся окне Сортировка в подготовленной строке для уровня сортировки"]
["        в раскрывающемся списке Сортировать по выберите заголовок столбца Поставщик,"]
["        в раскрывающемся списке для указания типа сортировки выберите Значения,"]
["        в раскрывающемся списке для указания порядка сортировки выберите От А до Я,"]
["     в этом же окне Сортировка нажмите кнопку Добавить уровень"]
["     и в добавленной строке для уровня сортировки"]
["        в раскрывающемся списке Затем по выберите заголовок столбца Товар,"]
["        в раскрывающемся списке для указания типа сортировки выберите Значения,"]
["        в раскрывающемся списке для указания порядка сортировки выберите От А до Я,"]
["     в этом же окне Сортировка нажмите еще раз кнопку Добавить уровень"]
["     и в еще одной добавленной строке для уровня сортировки"]
["        в раскрывающемся списке Затем по выберите заголовок столбца Стоимость,"]
["        в раскрывающемся списке для указания типа сортировки выберите Значения,"]
["        в раскрывающемся списке для указания порядка сортировки выберите По убыванию."]
[]
["   ВНИМАНИЕ!  Точно такие же результаты можно получить, выполнив следующие действия, "]
["                        связанные с сортировкой: "]
["                        выделить в списке в столбце с заголовком Стоимость любую ячейку "]
["                                     и на ленте на вкладке ДАННЫЕ в группе Сортировка и фильтр нажать кнопку"]
["                                                                                                                                    Сортировка по убыванию"]
["                        выделить в списке в столбце с заголовком Товар любую ячейку "]
["                                     и на ленте на вкладке ДАННЫЕ в группе Сортировка и фильтр нажать кнопку"]
["                                                                                                                                    Сортировка от А до Я"]
["                        выделить в списке в столбце с заголовком Поставщик любую ячейку "]
["                                     и на ленте на вкладке ДАННЫЕ в группе Сортировка и фильтр нажать кнопку"]
["                                                                                                                                    Сортировка от А до Я"]
["                        т.е. выполнить три сортировки списка по отдельным его столбцам, но как бы в обратной "]
["                        последовательности.       "]
[]
["   ВНИМАНИЕ!  Для выполнения действий, связанных с сортировкой, можно также использовать"]
["                        на ленте на вкладке ГЛАВНАЯ в группе Редактирование кнопку Сортировка и фильтр."]
[]
[]
["          ФИЛЬТРАЦИЯ"]
[]
["7. Выполните на листе Фильтрация Вашего файла действия, связанные с фильтрацией списка: "]
[]
["   – сделайте текущим лист Фильтрация;"]
[]
["   – выделите любую ячейку в области списка на листе Фильтрация; "]
[]
["   – на ленте на вкладке ДАННЫЕ в группе Сортировка и фильтр нажмите кнопку Фильтр,"]
["     после чего эта кнопка Фильтр будет выглядеть нажатой,"]
["     а на листе в заголовках всех столбцов списка появятся кнопки со стрелками"]
["     ( если поместить указатель \"мыши\" на такую кнопку со стрелкой и нажать левую кнопку \"мыши\","]
["       то рядом с этой кнопкой появится меню, состоящее из команд и значений, которые можно использовать "]
["       для задания условий отбора или, иначе говоря, для фильтрации строк списка, а также для сортировки ); "]
[]
["   – нажмите кнопку со стрелкой в заголовке Товар и выберите в появившемся меню только яблоки,"]
["     после чего нажмите в этом меню кнопку OK;"]
[]
["   – нажмите кнопку со стрелкой в заголовке Поставщик и выберите в появившемся меню"]
["     команды Текстовые фильтры => Настраиваемый фильтр..."]
["     после чего в появившемся окне Пользовательский автофильтр "]
["                      выберите в верхнем левом раскрывающемся списке равно,"]
["                      выберите в верхнем правом раскрывающемся списке или введите в него Иванов,"]
["                      установите переключатель в положение ИЛИ; "]
["                      выберите в нижнем левом раскрывающемся списке равно,"]
["                      выберите в нижнем правом раскрывающемся списке или введите в него Петров,"]
["     и затем нажмите кнопку ОК;"]
[]
["   – нажмите кнопку со стрелкой в заголовке Стоимость и выберите в появившемся меню"]
["     команды Числовые фильтры => Настраиваемый фильтр..."]
["     после чего в появившемся окне Пользовательский автофильтр "]
["                      выберите в верхнем левом раскрывающемся списке больше"]
["                      выберите в верхнем правом раскрывающемся списке или введите в него 400,"]
["                      установите переключатель в положение И; "]
["                      выберите в нижнем левом раскрывающемся списке меньше или равно"]
["                      выберите в нижнем правом раскрывающемся списке или введите в него 1000"]
["     и затем нажмите кнопку ОК."]
[]
["   ВНИМАНИЕ!  Чтобы полностью убрать с листа результаты фильтрации для одного столбца,"]
["                      можно нажать кнопку со стрелкой в заголовке этого столбца и в появившемся меню"]
["                      установить флажок (Выделить все) или выполнить команду Удалить фильтр из столбца \"...\"."]
["                         Чтобы полностью убрать с листа результаты фильтрации для всех столбцов, можно "]
["                      на ленте на вкладке ДАННЫЕ в группе Сортировка и фильтр нажать кнопку Очистить."]
["                         Чтобы убрать с листа все кнопки со стрелками, можно на ленте на вкладке ДАННЫЕ"]
["                      в группе Сортировка и фильтр отжать кнопку Фильтр, чтобы она не выглядела нажатой."]
[]
[]
["          ПОДВЕДЕНИЕ ИТОГОВ"]
[]
["8. Выполните на листе Итоги Вашего файла действия, связанные с подведением итогов: "]
[]
["   – сделайте текущим лист Итоги;"]
[]
["   – выполните на листе Итоги сортировку строк списка по возрастанию значений"]
["                                                                                                                 в столбце с заголовком Поставщик,"]
["     для чего можно выделить в списке в столбце с этим заголовком любую ячейку "]
["     и на ленте на вкладке ДАННЫЕ в группе Сортировка и фильтр нажать кнопку Сортировка от А до Я"]
["     ( или выделить любую ячейку в области списка и затем"]
["       на ленте на вкладке ДАННЫЕ в группе Сортировка и фильтр нажать кнопку Сортировка,"]
["       после чего в появившемся окне Сортировка по аналогии с п.6, но использовать только один уровень "]
["       сортировки строк списка по возрастанию значений в столбце с заголовком Поставщик );"]
[]
["   – выделите любую ячейку в области списка на листе Итоги; "]
[]
["   – на ленте на вкладке ДАННЫЕ в группе Структура нажмите кнопку Промежуточный итог;"]
[]
["   – в появившемся окне Промежуточные итоги "]
["       в раскрывающемся списке При каждом изменении в выберите Поставщик,"]
["       в раскрывающемся списке Операция выберите Сумма,"]
["       в раскрывающемся списке Добавить итоги по установите флажок только в строке Стоимость,"]
["       убедитесь в том, что установлены флажки Заменить текущие итоги и Итоги под данными,"]
["     после чего нажмите кнопку ОК;"]
[]
["   – в окне Вашего файла слева в появившейся структуре нажмите кнопку 2 левее номеров столбцов"]
["     для отображения только промежуточных и общих итогов. "]
[]
["   ВНИМАНИЕ!  Чтобы полностью убрать с листа результаты подведения итогов, можно"]
["                        в упомянутом выше окне Промежуточные итоги нажать кнопку Убрать все. "]
[]
[]
["          СОЗДАНИЕ СВОДНЫХ ТАБЛИЦ"]
[]
["9. Выполните в Вашем файле действия, связанные с созданием сводной таблицы:"]
[]
["   – сделайте текущим лист Список;"]
[]
["   – выделите любую ячейку в области списка на листе Список;"]
[]
["   – на ленте на вкладке ВСТАВКА в группе Таблицы нажмите кнопку Сводная таблица,"]
["     после чего убедитесь, что в появившемся окне Создание сводной таблицы "]
["     переключатель Выберите данные для анализа находится в положении Выбрать таблицу или диапазон,"]
["     переключатель Укажите, куда следует поместить отчет сводной таблицы находится в положении"]
["                                                                                                                                               На новый лист"]
["     и нажмите в этом окне кнопку OK;"]
[]
["   – откройте Лист с заготовкой сводной таблицы (имя этого листа начинается со слова Лист )"]
["     и создайте на этом листе сводную таблицу, для чего в списке полей Поля сводной таблицы"]
["     ( сверху в разделе полей ) устанавливайте флажки левее указанных здесь ниже в таблице имен полей"]
["    ","Здесь указано, какие поля и в какие области перетаскивать!"]
[null,"Поля",null,"Области сводной таблицы"]
[null,"Поставщик",null,"ФИЛЬТРЫ"]
[null,"Товар",null,"КОЛОННЫ"]
[null,"Дата",null,"СТРОКИ"]
[null,"Стоимость",null,"ЗНАЧЕНИЯ"]
["     ( для добавления этих полей в отчет создаваемой сводной таблицы )"]
["     и перетаскивайте указателем \"мыши\" поля в этом же списке полей ( снизу в разделе областей )"]
["     в указанные для этих полей области сводной таблицы;"]
[]
["   – для созданной сводной таблицы постройте соответствующую ей сводную диаграмму, для чего"]
["     выделите ячейку в области сводной таблицы"]
["     и затем на ленте в разделе РАБОТА СО СВОДНЫМИ ТАБЛИЦАМИ на вкладке АНАЛИЗ в группе Сервис"]
["                                                                                                                    нажмите кнопку Сводная диаграмма,"]
["     в появившемся окне Вставка диаграммы выберите тип диаграммы и нажмите кнопку OK,"]
["     после чего на листе со сводной таблицей должна появиться сводная диаграмма,"]
["     которую следует переместить так, чтобы она не загораживала сводную таблицу;"]
[]
["   – переместите построенную сводную диаграмму на автоматически добавлямый новый лист,"]
["      для чего выделите эту диаграмму"]
["      и затем на ленте в разделе РАБОТА СО СВОДНЫМИ ТАБЛИЦАМИ на вкладке АНАЛИЗИРОВАТЬ"]
["                                                                                в группе Действия нажмите кнопку Переместить диаграмму"]
["     ( или в контекстном меню для области диаграммы выполните команду Переместить диаграмму… ),"]
["     после чего в появившемся окне Перемещение диаграммы установите переключатель в положение"]
["     на отдельном листе и нажмите кнопку OK;"]
[]
["   ВНИМАНИЕ!  Для изменения созданной сводной таблицы можно выполнять следующие действия:"]
["                       – в списке полей Поля сводной таблицы ( сверху в разделе полей ) устанавливать или снимать"]
["                         флажки для использования соответствующих полей в сводной таблице;"]
["                       – в списке полей Поля сводной таблицы ( снизу в разделе областей ) перетаскивать"]
["                         указателем \"мыши\" поля по областям сводной таблицы;"]
["                       – в списке полей Поля сводной таблицы ( снизу в разделе областей ) использовать"]
["                         раскрывающиеся списки кнопок с именами полей для выполнения действий"]
["                         с полями сводной таблицы;"]
["                       – использовать команды из контекстных меню для области сводной таблицы,"]
["                         а также кнопки на ленте на вкладках раздела РАБОТА СО СВОДНЫМИ ТАБЛИЦАМИ."]
[]
[]
["10. В Вашем файле создайте копию листа со сводной таблицей, после чего на листе с этой копией: "]
["   – измените сводную таблицу в соответствии с приведенной ниже таблицей"]
["    ","Здесь указано, какие поля и в каких областях должны оказаться!"]
[null,"Поля",null,"Области сводной таблицы"]
[null,"Поставщик",null,"КОЛОННЫ"]
[null,"Товар",null,"СТРОКИ ( выше Дата )"]
[null,"Дата",null,"СТРОКИ ( ниже Товар )"]
[null,"Стоимость",null,"ЗНАЧЕНИЯ"]
[]
["   – на листе с измененной сводной таблицей постройте соответствующую ей сводную диаграмму."]
[]
[]
["          ОТЧЕТ О ВЫПОЛНЕНИИ РАБОТЫ"]
[]
["11. На экране должны находиться окна: "]
["  – окно с заданием;"]
["  – окно с Вашим файлом с открытым листом Список."]
[]
["   После сдачи ОТЧЕТА О ВЫПОЛНЕНИИ РАБОТЫ см. п.12."]
[]
[]
["          СОХРАНЕНИЕ ИЗМЕНЕНИЙ В ФАЙЛЕ И ЕГО КОПИРОВАНИЕ"]
[]
["12. Завершите работу с программой Excel с сохранением изменений в Вашем файле"]
["   и скопируйте Ваш файл в Вашу папку Personal на студенческом файловом сервере"]
["   и ( или ), если это возможно, на Вашу флэшку."]

{"sheet":"Список","index":1,"n_rows":22,"n_cols":8,"rows_kept":22}
[]
["№ п/п","Поставщик","Товар","Дата","Цена","Количество","Ед. измерения","Стоимость"]
[1,"Алексеев","яблоки","2014-10-04",20,100,"кг",{"$f":"E3*F3","v":2000}]
[2,"Иванов","яблоки","2014-10-04",20,50,"кг",1000]
[3,"Петров","яблоки","2014-11-03",25,100,"кг",2500]
[4,"Сидоров","картофель","2014-11-07",6,1000,"кг",6000]
[5,"Петров","яблоки","2014-12-06",20,50,"кг",1000]
[6,"Иванов","груши","2014-12-11",25,100,"кг",2500]
[7,"Иванов","яблоки","2015-01-10",25,100,"кг",2500]
[8,"Петров","яблоки","2015-01-10",25,100,"кг",2500]
[9,"Сидоров","груши","2015-02-09",25,100,"кг",2500]
[10,"Смирнов","лимоны","2015-03-20",45,20,"кг",900]
[11,"Петров","яблоки","2015-04-16",25,30,"кг",750]
[12,"Иванов","апельсины","2015-05-17",30,100,"кг",3000]
[13,"Иванов","яблоки","2015-06-17",20,50,"кг",1000]
[14,"Петров","яблоки","2015-07-17",20,20,"кг",400]
[15,"Петров","лимоны","2015-08-21",45,20,"кг",900]
[16,"Иванов","апельсины","2015-09-20",30,20,"кг",600]
[17,"Иванов","яблоки","2015-10-22",25,100,"кг",2500]
[18,"Петров","яблоки","2015-11-22",25,100,"кг",2500]
[19,"Петров","яблоки","2015-12-23",25,20,"кг",500]
[20,"Иванов","яблоки","2016-01-23",20,50,"кг",1000]